[Event "Ciocaltea Memorial op"]
[Site "Bucharest"]
[Date "2000.??.??"]
[Round "4"]
[White "Radu, Mircea"]
[Black "Burnoiu, Nicolae Costel"]
[Result "1-0"]
[WhiteElo "2195"]
[BlackElo "2353"]
[PlyCount "47"]
[EventDate "2000.02.??"]
[EventType "swiss"]
[EventRounds "7"]
[EventCountry "ROU"]
[SourceTitle "EXT 2001"]
[Source "ChessBase"]
[SourceDate "2000.11.22"]
[SourceVersion "1"]
[SourceVersionDate "2000.11.22"]
[SourceQuality "1"]

1. e4 c5 2. Nf3 d6 3. d4 cxd4 4. Nxd4 Nf6 5. Nc3 a6 6. Bc4 e6 7. Bb3 Nbd7 8. f4 Nc5 9. f5 e5 10. Nde2 Nxb3 11. axb3 b5 12. Bg5 Be7 13. Bxf6 Bxf6 14. Nxb5 g6 15. Nxd6+ Ke7 16. Nxc8+ Rxc8 17. Nc3 Rxc3 18. Qxd8+ Rxd8 19. bxc3 gxf5 20. Rxa6 fxe4 21. Rf1 Bh4+ 22. g3 Bg5 23. Ra7+ Ke6 24. Rfxf7 1-0

[Event "Bucharest op"]
[Site "Bucharest"]
[Date "1994.??.??"]
[Round "5"]
[White "Radu, Mircea"]
[Black "Moldovan, Daniel"]
[Result "0-1"]
[WhiteElo "2270"]
[BlackElo "2405"]
[PlyCount "52"]
[EventDate "1994.??.??"]
[EventType "swiss"]
[EventRounds "9"]
[EventCountry "ROU"]
[SourceTitle "EXT 1999"]
[Source "ChessBase"]
[SourceDate "1998.11.16"]
[SourceVersion "1"]
[SourceVersionDate "1998.11.16"]
[SourceQuality "1"]

1. e4 c5 2. Nf3 Nc6 3. d4 cxd4 4. Nxd4 g6 5. Nc3 Bg7 6. Be3 Nf6 7. Nxc6 bxc6 8. e5 Ng8 9. f4 f6 10. exf6 Nxf6 11. Qf3 0-0 12. 0-0-0 d5 13. h3 e5 14. Bc4 Be6 15. Bb3 Qe7 16. Rhe1 Nh5 17. g3 Kh8 18. Na4 Qf7 19. Nc5 exf4 20. Nxe6 Qxe6 21. Bc5 Qxh3 22. Bxf8 Rxf8 23. Qf1 Qxf1 24. Rxf1 Nxg3 25. Ba4 Nxf1 26. Rxf1 Rf6 0-1

[Event "Odorheiu Secuiesc op"]
[Site "Odorheiu Secuiesc"]
[Date "1993.??.??"]
[Round "8"]
[White "Bartha, Andrei"]
[Black "Radu, Mircea"]
[Result "1/2-1/2"]
[WhiteElo "2205"]
[BlackElo "2185"]
[PlyCount "127"]
[EventDate "1993.05.??"]
[EventType "swiss"]
[EventRounds "11"]
[EventCountry "ROU"]
[SourceTitle "TD"]
[Source "ChessBase"]
[SourceDate "1994.03.01"]
[SourceVersion "1"]
[SourceVersionDate "1994.03.01"]
[SourceQuality "1"]

1. e4 d6 2. d4 Nf6 3. Nc3 c6 4. a4 e5 5. Nf3 Nbd7 6. Be2 Be7 7. 0-0 0-0 8. Re1 Re8 9. Bc4 h6 10. Bb3 Bf8 11. dxe5 dxe5 12. Qd3 Qc7 13. Be3 Ng4 14. Qc4 Nb6 15. Nd5 Nxd5 16. exd5 e4 17. h3 Nf6 18. Nd2 Nxd5 19. Nxe4 Nxe3 20. Rxe3 Be6 21. Qc3 a5 22. Bxe6 Rxe6 23. Qc4 Rae8 24. Rae1 Qf4 25. Nd2 Qxc4 26. Nxc4 Rxe3 27. Rxe3 Ra8 28. Rb3 b5 29. Nb6 bxa4 30. Nxa4 Rd8 31. Rc3 Rd1+ 32. Kh2 Rd6 33. g3 g6 34. Kg2 Be7 35. Kf3 Rf6+ 36. Ke2 Bb4 37. Re3 Rf5 38. Re8+ Kg7 39. c3 Bf8 40. f3 h5 41. Rc8 Re5+ 42. Kf2 Re6 43. Ra8 h4 44. gxh4 Be7 45. f4 Re4 46. Rxa5 Rxf4+ 47. Kg3 Re4 48. b4 Bd6+ 49. Kg2 Re2+ 50. Kg1 Re3 51. h5 Rg3+ 52. Kf2 g5 53. Rf5 f6 54. h4 gxh4 55. h6+ Kxh6 56. Rxf6+ Rg6 57. Rxg6+ Kxg6 58. Nb6 Be5 59. Na4 Bg3+ 60. Kf3 Be1 61. Kg4 Kf6 62. Nc5 Ke7 63. c4 Bxb4 64. Nd3 1/2-1/2

[Event "Odorheiu Secuiesc op"]
[Site "Odorheiu Secuiesc"]
[Date "1993.??.??"]
[Round "1"]
[White "Radu, Mircea"]
[Black "Nevednichy, Boris M"]
[Result "1/2-1/2"]
[WhiteElo "2185"]
[BlackElo "2330"]
[PlyCount "135"]
[EventDate "1993.05.??"]
[EventType "swiss"]
[EventRounds "11"]
[EventCountry "ROU"]
[SourceTitle "TD"]
[Source "ChessBase"]
[SourceDate "1994.03.01"]
[SourceVersion "1"]
[SourceVersionDate "1994.03.01"]
[SourceQuality "1"]

1. e4 c5 2. Nf3 e6 3. d4 cxd4 4. Nxd4 a6 5. Nc3 Qc7 6. g3 Nf6 7. Bg2 Nc6 8. 0-0 Nxd4 9. Qxd4 Bc5 10. Bf4 d6 11. Qd2 e5 12. Bg5 Be6 13. Bxf6 gxf6 14. Nd5 Bxd5 15. Qxd5 h5 16. c3 h4 17. Rad1 hxg3 18. hxg3 Ke7 19. Rd3 Rad8 20. b4 Ba7 21. Rfd1 Rh6 22. R1d2 Rd7 23. Bf3 Rd8 24. a4 Qc6 25. a5 Qxd5 26. Rxd5 Rg6 27. Kg2 Rg5 28. R5d3 Rgg8 29. Bd1 Rd7 30. Ba4 Rdd8 31. Bb3 Rd7 32. Bd5 Rc8 33. Rd1 Rdc7 34. Rh1 b6 35. axb6 Bxb6 36. c4 a5 37. bxa5 Bxa5 38. Rf3 Bd2 39. Rh7 Rf8 40. Ra3 Bb4 41. Ra2 Bc5 42. f4 exf4 43. gxf4 Ra7 44. Rxa7+ Bxa7 45. Kf3 Bc5 46. Kg4 Bd4 47. Kf5 Bb2 48. Rh3 Rb8 49. Rh2 Bd4 50. Rd2 Bc5 51. Rd1 Rb2 52. Rh1 Rb8 53. Ra1 Bd4 54. Ra5 Be3 55. Kg4 Rg8+ 56. Kf3 Bb6 57. Rb5 Rb8 58. Rb1 Ba7 59. Rh1 Bc5 60. Rh7 Rf8 61. f5 Bd4 62. Ke2 Be5 63. Kd3 Bb2 64. Kc2 Be5 65. Kb3 Bf4 66. Ka4 Be5 67. Kb5 Bf4 68. Kc6 1/2-1/2